Random Island to County - Statistics

General Stats
  • This quiz has been taken 92 times
  • The average score is 8 of 10
Answer Stats
Hint Answer % Correct
Tasmania Australia
100%
Crete Greece
100%
Sardinia Italy
100%
Borneo Malaysia | Indonesia | Brunei
100%
Ireland United Kingdom | Ireland
100%
Shikoku Japan
94%
Sicily Italy
93%
Tobago Trinidad and Tobago
93%
Hispaniola Haiti | Dominican Republic
91%
Galapagos Ecuador
90%
Corsica France
90%
New Guinea Indonesia | Papua New Guinea
90%
Svalbard Norway
90%
Sakhalin Russia
90%
Jeju South Korea
88%
Balearic Islands Spain
88%
Isla Grande de Tierra del Fuego Chile | Argentina
83%
Aleutian Islands United States
80%
Victoria Canada
78%
South Island New Zealand
69%
Phi Phi Leh Thailand
69%
Hainan China
67%
Luzon Philippines
56%
Ellesmere Canada
53%
Andaman Islands India
50%
Sulawesi Indonesia
50%
Zealand Denmark
47%
Flevoland Netherlands
46%
Socotra Yemen
33%
Phoenix Islands Kiribati
8%
No matching quizzes found
Score Distribution
Percent of People with Each Score
Percentile by Number Answered
Your Score History
You have not taken this quiz